Padres apologistas griegos

Сохранить в:
Библиографические подробности
Главный автор: Ruiz Bueno, Daniel (Автор)
Формат:
Язык:испанский
Опубликовано: Madrid Biblioteca de Autores Cristianos 1954
Серии:Biblioteca de Autores Cristianos
Предметы:
Метки: Добавить метку
Нет меток, Требуется 1-ая метка записи!

MARC

LEADER 00000cam a2200000 a 4500
001 UCL4243
003 CL-VaPUC
008 040109e19540000SP |||||||||||||||||spa|d
082 0 4 |a 270  |b RUI  |2 21 
100 0 |a Ruiz Bueno, Daniel  |e author  |9 481725 
245 1 0 |a Padres apologistas griegos 
300 |a 1006 p 
942 |c BK 
945 |d 20040109 00:00:00  |a vberengu 
260 |a Madrid  |b Biblioteca de Autores Cristianos  |c 1954 
650 0 |a Historia de la iglesia   |9 257565 
650 0 |a Padres de la Iglesia  |9 313352 
650 0 |a Patrología  |9 349346 
583 |a last modification  |c 20160511 08:49:22  |k Rodrigo Vera 
490 0 |a Biblioteca de Autores Cristianos 
999 |c 307124  |d 307122 
952 |0 0  |1 0  |4 0  |6 270_000000000000000_RUI_1954  |7 0  |8 A  |9 372730  |a BIBTEO  |b BIBTEO  |d 2019-11-21  |i 2100231  |o 270 RUI 1954  |p 2100231  |r 2025-01-17  |w 2019-11-21  |y BK  |k ICR 
952 |0 0  |1 0  |3 erd  |4 0  |6 270_000000000000000_RUI_1954  |7 0  |8 A  |9 372731  |a BIBEDU  |b BIBEDU  |e Villagrán Garnham, Jorge  |i 5300525  |l 3  |o 270 RUI 1954  |p 5300525  |r 2023-12-11  |s 2023-12-01  |w 2019-11-21  |y BK  |z Catalogado en:20160505  |k FIL